[Event "Hessenliga 1921"]
[Site "Hessen"]
[Date "2019.11.10"]
[Round "3.1"]
[White "Bethke, Richard"]
[Black "Wendel, Stephan"]
[Result "1-0"]
[WhiteElo "2368"]
[BlackElo "2271"]
[PlyCount "81"]
[EventDate "2019.09.22"]
[EventType "team-tourn"]
[EventRounds "9"]
[EventCountry "GER"]
[SourceTitle "EXT 2024"]
[Source "ChessBase"]
[SourceDate "2023.10.10"]
[SourceVersion "1"]
[SourceVersionDate "2023.10.10"]
[SourceQuality "1"]
[WhiteTeam "Neuberg II"]
[BlackTeam "Frankfurt Bvk"]
[WhiteTeamCountry "GER"]
[BlackTeamCountry "GER"]

1. e4 c5 2. Nf3 d6 3. d4 cxd4 4. Nxd4 Nf6 5. Nc3 g6 6. Be3 Bg7 7. f3 Nc6 8. Qd2 0-0 9. 0-0-0 d5 10. Kb1 Rb8 11. Ndb5 a6 12. Na7 e6 13. Qf2 Bd7 14. Bb6 Qe8 15. Nxc6 bxc6 16. e5 Nh5 17. Bc7 f6 18. Qa7 Ra8 19. Qb6 fxe5 20. Bxa6 Bc8 21. Bf1 Rf7 22. Re1 Nf6 23. Bxe5 Nd7 24. Qxc6 Bb7 25. Qxb7 Nxe5 26. Qb3 Rb8 27. Bb5 Qc8 28. a4 Nc4 29. Re2 Rc7 30. Rhe1 Kf7 31. Nd1 Rb6 32. Ne3 Rc5 33. Nxc4 Rxc4 34. Be8+ Qxe8 35. Qxb6 Rc6 36. Qb7+ Kg8 37. a5 Bc3 38. a6 Bd4 39. a7 Rb6 40. a8Q Rxb2+ 41. Kc1 1-0

[Event "Hessenliga 1921"]
[Site "Hessen"]
[Date "2019.10.27"]
[Round "2.2"]
[White "Schmidt, Walter"]
[Black "Wendel, Stephan"]
[Result "0-1"]
[WhiteElo "2232"]
[BlackElo "2271"]
[PlyCount "76"]
[EventDate "2019.09.22"]
[EventType "team-tourn"]
[EventRounds "9"]
[EventCountry "GER"]
[SourceTitle "EXT 2024"]
[Source "ChessBase"]
[SourceDate "2023.10.10"]
[SourceVersion "1"]
[SourceVersionDate "2023.10.10"]
[SourceQuality "1"]
[WhiteTeam "Bad Homburg"]
[BlackTeam "Frankfurt Bvk"]
[WhiteTeamCountry "GER"]
[BlackTeamCountry "GER"]

1. c4 e5 2. Nc3 Nf6 3. Nf3 Nc6 4. g3 d5 5. cxd5 Nxd5 6. Bg2 Nb6 7. Rb1 Be6 8. 0-0 f6 9. a3 Be7 10. b4 0-0 11. d3 a5 12. b5 Nd4 13. Nd2 Qc8 14. e3 Nf5 15. Nde4 Rd8 16. Qc2 Nh6 17. Rd1 f5 18. Nd2 Nf7 19. Bb2 a4 20. Ne2 Bf6 21. Nc4 Nxc4 22. dxc4 Rxd1+ 23. Rxd1 Nd6 24. Bd5 c6 25. bxc6 bxc6 26. Bxe6+ Qxe6 27. Bc3 Nxc4 28. Bb4 c5 29. Be1 Nxa3 30. Qxc5 Be7 31. Qc7 Nc4 32. Nc3 Rc8 33. Qa7 a3 34. Rd7 Bf8 35. Nd5 a2 36. Bc3 Nb6 37. Nxb6 Rxc3 38. Rd1 Ra3 0-1

[Event "Hessenliga 1819"]
[Site "Hessen"]
[Date "2018.11.18"]
[Round "3.2"]
[White "Hankel, Dennis"]
[Black "Wendel, Stephan"]
[Result "1-0"]
[WhiteElo "2117"]
[BlackElo "2271"]
[PlyCount "71"]
[EventDate "2018.09.23"]
[EventType "team-tourn"]
[EventRounds "9"]
[EventCountry "GER"]
[SourceTitle "EXT 2020"]
[Source "ChessBase"]
[SourceDate "2019.10.17"]
[SourceVersion "1"]
[SourceVersionDate "2019.10.17"]
[SourceQuality "1"]
[WhiteTeam "Neuberg II"]
[BlackTeam "Frankfurt BvK"]
[WhiteTeamCountry "GER"]
[BlackTeamCountry "GER"]

1. d4 d5 2. Bf4 Nf6 3. e3 e6 4. Nd2 c5 5. c3 Nc6 6. Bd3 Bd6 7. Bxd6 Qxd6 8. f4 0-0 9. Ngf3 b6 10. a3 a5 11. Qe2 Nb8 12. 0-0 Ba6 13. Bxa6 Nxa6 14. Ne5 Nc7 15. Kh1 Nfe8 16. Rad1 f6 17. Nef3 Qc6 18. e4 Nd6 19. e5 Qb5 20. Qxb5 Ndxb5 21. dxc5 bxc5 22. c4 Nd4 23. Nxd4 cxd4 24. Nf3 dxc4 25. Rxd4 Nd5 26. Re1 Rac8 27. f5 fxe5 28. Rxe5 c3 29. bxc3 Rxc3 30. Kg1 Rxa3 31. fxe6 Nf6 32. e7 Re8 33. Rd8 Ra1+ 34. Kf2 Rc1 35. Rxe8+ Nxe8 36. Rf5 1-0

[Event "Hessenliga 1718"]
[Site "Hessen"]
[Date "2018.01.14"]
[Round "5.1"]
[White "Wendel, Stephan"]
[Black "Hankel, Dennis"]
[Result "1/2-1/2"]
[WhiteElo "2271"]
[BlackElo "2128"]
[PlyCount "61"]
[EventDate "2017.09.17"]
[EventType "team-tourn"]
[EventRounds "9"]
[EventCountry "GER"]
[SourceTitle "CBM 189 Extra"]
[Source "ChessBase"]
[SourceDate "2019.05.31"]
[SourceVersion "1"]
[SourceVersionDate "2019.05.31"]
[SourceQuality "1"]
[WhiteTeam "Frankfurt BvK"]
[BlackTeam "Neuberg II"]
[WhiteTeamCountry "GER"]
[BlackTeamCountry "GER"]

1. e4 c6 2. d3 d5 3. Nd2 e5 4. Ngf3 Bd6 5. d4 exd4 6. exd5 Nf6 7. dxc6 Nxc6 8. Nb3 Bg4 9. Be2 0-0 10. 0-0 Re8 11. h3 Bh5 12. Nbxd4 Nxd4 13. Nxd4 Bxe2 14. Nxe2 Bh2+ 15. Kxh2 Qxd1 16. Rxd1 Rxe2 17. Be3 Rxc2 18. b3 h6 19. Rd4 Re8 20. a4 a6 21. Rad1 Ne4 22. Rd8 Kf8 23. Rxe8+ Kxe8 24. Re1 Kf8 25. Bxh6 Nxf2 26. Bf4 Rb2 27. Bd6+ Kg8 28. Re8+ Kh7 29. Re3 f6 30. b4 Rd2 31. Bg3 1/2-1/2

[Event "Hessenliga 1718"]
[Site "Hessen"]
[Date "2017.12.03"]
[Round "4.1"]
[White "Colin, Vincent"]
[Black "Wendel, Stephan"]
[Result "1-0"]
[WhiteElo "2375"]
[BlackElo "2271"]
[PlyCount "81"]
[EventDate "2017.09.17"]
[EventType "team-tourn"]
[EventRounds "9"]
[EventCountry "GER"]
[SourceTitle "CBM 189 Extra"]
[Source "ChessBase"]
[SourceDate "2019.05.31"]
[SourceVersion "1"]
[SourceVersionDate "2019.05.31"]
[SourceQuality "1"]
[WhiteTeam "Bad Nauheim"]
[BlackTeam "Frankfurt BvK"]
[WhiteTeamCountry "GER"]
[BlackTeamCountry "GER"]

1. d4 d5 2. c4 c6 3. Nf3 Nf6 4. e3 g6 5. Nc3 Bg7 6. Be2 0-0 7. 0-0 a6 8. Bd2 b6 9. Qb3 e6 10. Rfd1 Nbd7 11. a4 a5 12. cxd5 exd5 13. Qc2 Re8 14. Be1 Bb7 15. Rac1 Qe7 16. b3 h6 17. Qb1 Ng4 18. Bd3 f5 19. Ne2 Ngf6 20. Nf4 Qf7 21. Nxg6 Qxg6 22. Bxf5 Qf7 23. Bg6 Qe6 24. Bxe8 Rxe8 25. b4 axb4 26. Qxb4 Ba6 27. Rc2 Ne4 28. a5 c5 29. Qa3 Bf8 30. axb6 Qxb6 31. dxc5 Ndxc5 32. Rb2 Qf6 33. Rxd5 Bc4 34. Rd4 Ne6 35. Qa4 Nxd4 36. Qxc4+ Ne6 37. Rb6 N4c5 38. Nd4 Kf7 39. Bc3 Ne4 40. Nxe6 Qxc3 41. Ng5+ 1-0

[Event "Oberliga Ost-B 1617"]
[Site "Germany"]
[Date "2016.11.20"]
[Round "3.4"]
[White "Dittmar, Peter"]
[Black "Wendel, Stephan"]
[Result "1-0"]
[WhiteElo "2266"]
[BlackElo "2273"]
[PlyCount "65"]
[EventDate "2016.10.16"]
[EventType "team-tourn"]
[EventRounds "11"]
[EventCountry "GER"]
[SourceTitle "EXT 2018"]
[Source "ChessBase"]
[SourceDate "2017.10.13"]
[SourceVersion "1"]
[SourceVersionDate "2017.10.13"]
[SourceQuality "1"]
[WhiteTeam "Moerlenbach Birkenau"]
[BlackTeam "Frankfurt BvK"]
[WhiteTeamCountry "GER"]
[BlackTeamCountry "GER"]

1. d4 d5 2. c4 c6 3. cxd5 cxd5 4. Nc3 Nf6 5. Bf4 Nc6 6. e3 Bf5 7. Qb3 Na5 8. Bb5+ Bd7 9. Qa4 e6 10. Nf3 a6 11. Bxd7+ Nxd7 12. 0-0 Be7 13. Rfc1 Nc6 14. Qd1 g5 15. Bg3 h5 16. h3 f6 17. e4 Nb6 18. Qe2 Kf7 19. Re1 Qd7 20. Rad1 Rag8 21. h4 g4 22. Nh2 f5 23. exf5 exf5 24. Qc2 Re8 25. Qb3 Nc4 26. Nf1 Bf6 27. Be5 b5 28. Ne3 Ne7 29. Bxf6 Kxf6 30. Nxc4 dxc4 31. Qa3 Qc6 32. d5 Qb6 33. Re6+ 1-0

[Event "Oberliga Ost-B 1516"]
[Site "Germany"]
[Date "2015.09.20"]
[Round "1.3"]
[White "Wendel, Stephan"]
[Black "Salihovic, Amar"]
[Result "1-0"]
[WhiteElo "2286"]
[BlackElo "2322"]
[PlyCount "140"]
[EventDate "2015.09.20"]
[EventType "team-tourn"]
[EventRounds "11"]
[EventCountry "GER"]
[SourceTitle "EXT 2017"]
[Source "ChessBase"]
[SourceDate "2016.10.25"]
[SourceVersion "1"]
[SourceVersionDate "2016.10.25"]
[SourceQuality "1"]
[WhiteTeam "Frankfurt BvK"]
[BlackTeam "Nied"]
[WhiteTeamCountry "GER"]
[BlackTeamCountry "GER"]

1. e4 d6 2. d4 Nf6 3. Nc3 Nbd7 4. Nf3 e5 5. Bc4 Be7 6. 0-0 0-0 7. a4 c6 8. h3 h6 9. Re1 Re8 10. Be3 Qc7 11. a5 Nf8 12. d5 Ng6 13. Bf1 Bd7 14. a6 c5 15. axb7 Qxb7 16. b3 a5 17. g3 Reb8 18. Kh2 Bd8 19. Qd3 Ne7 20. Nd2 Ne8 21. f4 exf4 22. gxf4 Ng6 23. Nc4 Bf6 24. Bd2 Bxc3 25. Qxc3 a4 26. bxa4 Rxa4 27. Rxa4 Bxa4 28. Bg2 Ne7 29. e5 Nf5 30. Be4 Nd4 31. Nxd6 Nxd6 32. exd6 Qb6 33. Qa5 f5 34. Bg2 Qxa5 35. Bxa5 Re8 36. Rxe8+ Bxe8 37. Bb6 Nxc2 38. Bxc5 Ne1 39. Bf1 Nf3+ 40. Kg2 Nd2 41. Ba6 Ne4 42. Bb4 Kf7 43. Bc8 Nf6 44. Be6+ Kg6 45. Bc3 Ne4 46. Be5 Nc5 47. Kf3 Bd7 48. Bg8 Be8 49. h4 h5 50. Be6 Bd7 51. Bg8 Be8 52. Ke3 Bf7 53. Kd4 Nd7 54. Bxf7+ Kxf7 55. Kc4 g6 56. Kb5 Ke8 57. Kc6 Kd8 58. Bd4 Kc8 59. Ba7 Kd8 60. Bb6+ Ke8 61. Kc7 Nf6 62. Kc8 Nd7 63. Bd4 Nf8 64. Be5 Nd7 65. Kc7 Nc5 66. Bd4 Nd7 67. Bg7 Nc5 68. d7+ Nxd7 69. Kd6 Nb6 70. Ke6 Nc4 1-0

[Event "Oberliga Ost-B 1314"]
[Site "Germany"]
[Date "2014.03.16"]
[Round "9.3"]
[White "Donchenko, Anatoly G"]
[Black "Wendel, Stephan"]
[Result "0-1"]
[WhiteElo "2364"]
[BlackElo "2238"]
[PlyCount "182"]
[EventDate "2013.10.13"]
[EventType "team-tourn"]
[EventRounds "11"]
[EventCountry "GER"]
[SourceTitle "EXT 2015"]
[Source "ChessBase"]
[SourceDate "2014.11.20"]
[SourceVersion "1"]
[SourceVersionDate "2014.11.20"]
[SourceQuality "1"]
[WhiteTeam "Giessen"]
[BlackTeam "Frankfurt BvK"]
[WhiteTeamCountry "GER"]
[BlackTeamCountry "GER"]

1. c4 Nf6 2. g3 e5 3. Bg2 d5 4. cxd5 Nxd5 5. Nf3 Nc6 6. 0-0 Be7 7. d3 0-0 8. a3 Be6 9. b4 f6 10. Bb2 Qd7 11. Nbd2 Nb6 12. b5 Nd8 13. a4 a6 14. bxa6 Rxa6 15. a5 Nc8 16. d4 exd4 17. Nxd4 Bf7 18. Qc2 Nd6 19. Rfd1 c6 20. N2b3 Qc7 21. e4 Re8 22. Ba3 Ra8 23. Bc5 Nc4 24. Bxe7 Rxe7 25. Qc3 Re8 26. Nf5 Qe5 27. Qb4 Qb5 28. Qxb5 cxb5 29. Nfd4 Nd6 30. f3 Bc4 31. Bf1 Rc8 32. a6 bxa6 33. Rxa6 N8b7 34. Rb6 Re5 35. Ra1 Kf8 36. Ra7 Re7 37. Bh3 Rcc7 38. Nd2 Bf7 39. Nc6 Re8 40. Nf1 g6 41. Ne3 Be6 42. Bf1 Bf7 43. Na5 Ree7 44. Nxb7 Rxb7 45. Raxb7 Nxb7 46. Rxf6 b4 47. Rb6 b3 48. Bc4 Nc5 49. Nd5 Ra7 50. Kg2 Ra2+ 51. Kh3 Be6+ 52. g4 h5 53. Kg3 hxg4 54. fxg4 g5 55. Kf3 Rxh2 56. Ke3 Bxg4 57. Kd4 Ne6+ 58. Ke5 Nc5 59. Kd4 Ne6+ 60. Ke5 Nc5 61. Rb8+ Kg7 62. Nf6 Bh5 63. Rg8+ Kh6 64. Ng4+ Kh7 65. Nf6+ Kh6 66. Rh8+ Kg6 67. Rh7 g4 68. Bf7+ Kg5 69. Rg7+ Kh4 70. Nxh5 b2 71. Ba2 Nd3+ 72. Kd4 Nb4 73. Bb1 Rh1 74. Nf4 Rxb1 75. Kc3 Re1 76. Kxb2 Rxe4 77. Ng6+ Kh3 78. Rh7+ Kg2 79. Kc3 g3 80. Nh4+ Kg1 81. Rg7 Kf2 82. Rf7+ Ke2 83. Rg7 Nd5+ 84. Kc2 Kf2 85. Rh7 Nf6 86. Rh6 Ng4 87. Rh8 Ne5 88. Rf8+ Ke2 89. Nf5 g2 90. Ng3+ Ke3 91. Rd8 Rd4 0-1

[Event "Oberliga Ost-B 1213"]
[Site "Germany"]
[Date "2012.09.30"]
[Round "1.1"]
[White "Lubbe, Nikolas"]
[Black "Wendel, Stephan"]
[Result "1-0"]
[WhiteElo "2410"]
[BlackElo "2264"]
[PlyCount "111"]
[EventDate "2012.09.30"]
[EventType "team-tourn"]
[EventRounds "11"]
[EventCountry "GER"]
[SourceTitle "EXT 2014"]
[Source "ChessBase"]
[SourceDate "2013.11.20"]
[SourceVersion "1"]
[SourceVersionDate "2013.11.20"]
[SourceQuality "1"]
[WhiteTeam "Neuberg"]
[BlackTeam "Frankfurt BvK"]
[WhiteTeamCountry "GER"]
[BlackTeamCountry "GER"]

1. e4 c5 2. Nf3 d6 3. d4 cxd4 4. Nxd4 Nf6 5. Nc3 g6 6. Be3 Bg7 7. f3 Nc6 8. Qd2 0-0 9. 0-0-0 d5 10. Qe1 e5 11. Nxc6 bxc6 12. exd5 Nxd5 13. Bc4 Be6 14. Ne4 Qc7 15. Bc5 Rfd8 16. Qh4 h6 17. g4 Nf4 18. Bxe6 Nxe6 19. Be3 Nf4 20. Bxf4 exf4 21. c3 Qb6 22. Rxd8+ Rxd8 23. Re1 Rb8 24. Qf2 Qa5 25. a3 Qb5 26. Qd2 Qb3 27. Qc2 Qa2 28. Nd2 Qd5 29. Re2 Qc5 30. Qd3 Qg1+ 31. Kc2 Qb6 32. Nc4 Qb3+ 33. Kc1 Bf6 34. Nd6 Rd8 35. Qc4 Qxc4 36. Nxc4 Rd3 37. Nd2 Bh4 38. Kc2 Re3 39. Kd1 Rd3 40. Re8+ Kg7 41. Ke2 Rd7 42. Nc4 Rc7 43. Re4 Bg5 44. a4 c5 45. a5 Rc8 46. Kd3 Rd8+ 47. Kc2 h5 48. gxh5 Rh8 49. hxg6 Rxh2+ 50. Kd3 Rf2 51. Nd2 fxg6 52. b4 cxb4 53. cxb4 a6 54. b5 axb5 55. a6 Rh2 56. Re8 1-0

[Event "Oberliga Ost-B 1112"]
[Site "Germany"]
[Date "2012.04.15"]
[Round "11.1"]
[White "Wendel, Stephan"]
[Black "Galdunts, Sergey"]
[Result "1-0"]
[WhiteElo "2257"]
[BlackElo "2462"]
[PlyCount "116"]
[EventDate "2011.10.02"]
[EventType "team-tourn"]
[EventRounds "11"]
[EventCountry "GER"]
[SourceTitle "EXT 2013"]
[Source "ChessBase"]
[SourceDate "2012.11.22"]
[SourceVersion "1"]
[SourceVersionDate "2012.11.22"]
[SourceQuality "1"]
[WhiteTeam "Frankfurt BvK"]
[BlackTeam "Moerlenbach"]
[WhiteTeamCountry "GER"]
[BlackTeamCountry "GER"]

1. e4 g6 2. d4 Bg7 3. Nc3 d6 4. f4 a6 5. Nf3 b5 6. Bd3 Bb7 7. Be3 Nd7 8. e5 c5 9. Be4 Bxe4 10. Nxe4 Nh6 11. dxc5 Ng4 12. Qe2 dxe5 13. 0-0-0 Qc7 14. fxe5 Ndxe5 15. Bd4 0-0 16. h3 Nxf3 17. Bxg7 Kxg7 18. hxg4 Qf4+ 19. Kb1 Ng5 20. Nc3 e6 21. Rhf1 Qc7 22. Qe3 f6 23. Rd6 Rac8 24. b4 Qb7 25. Qd2 Rc7 26. a3 Qc8 27. Re1 Re8 28. Qf4 Rf7 29. Red1 e5 30. Qg3 Re6 31. R6d5 Rc6 32. Qh4 Qe6 33. Kb2 e4 34. Qg3 Rfc7 35. R5d4 h6 36. Nd5 Rf7 37. Ne3 f5 38. gxf5 gxf5 39. Qf4 Qf6 40. Nd5 Ne6 41. Qg3+ Qg5 42. Qe5+ Kh7 43. R4d2 Qg7 44. Qxg7+ Rxg7 45. g4 Kg6 46. gxf5+ Kxf5 47. c4 bxc4 48. Kc3 Ng5 49. Rg2 Rcg6 50. Kxc4 Ke5 51. a4 Ne6 52. Rxg6 Rxg6 53. b5 axb5+ 54. axb5 Rg2 55. b6 Rc2+ 56. Nc3 Rxc3+ 57. Kxc3 Nxc5 58. Kc4 Nb7 1-0

[Event "Oberliga Ost-B 1112"]
[Site "Germany"]
[Date "2011.11.20"]
[Round "4.1"]
[White "Michaelsen, Nils"]
[Black "Wendel, Stephan"]
[Result "1/2-1/2"]
[WhiteElo "2412"]
[BlackElo "2257"]
[PlyCount "82"]
[EventDate "2011.10.02"]
[EventType "team-tourn"]
[EventRounds "11"]
[EventCountry "GER"]
[SourceTitle "EXT 2013"]
[Source "ChessBase"]
[SourceDate "2012.11.22"]
[SourceVersion "1"]
[SourceVersionDate "2012.11.22"]
[SourceQuality "1"]
[WhiteTeam "Offenbach"]
[BlackTeam "Frankfurt BvK"]
[WhiteTeamCountry "GER"]
[BlackTeamCountry "GER"]

1. d4 Nf6 2. c4 g6 3. Nc3 Bg7 4. e4 d6 5. f4 0-0 6. Nf3 c5 7. d5 e6 8. Be2 exd5 9. cxd5 Bg4 10. 0-0 Nbd7 11. h3 Bxf3 12. Bxf3 Re8 13. g4 h6 14. h4 h5 15. g5 Ng4 16. Bxg4 hxg4 17. e5 dxe5 18. Qxg4 exf4 19. Bxf4 Ne5 20. Bxe5 Rxe5 21. Rad1 Qe8 22. Rd3 Re3 23. Rd2 Rd8 24. d6 Qe5 25. Qf4 Qxf4 26. Rxf4 Bxc3 27. bxc3 Re6 28. Rf6 Re4 29. Kf2 Rxh4 30. Rd5 Ra4 31. Rxc5 Rxa2+ 32. Ke3 Ra6 33. Rc7 Raxd6 34. Rfxf7 Re6+ 35. Kf4 Rf8 36. Rxf8+ Kxf8 37. Rxb7 Rc6 38. Rxa7 Rxc3 39. Ra8+ Kf7 40. Ra7+ Ke6 41. Ra6+ Kf7 1/2-1/2

[Event "Rhein Main op-A 14th"]
[Site "Bad Homburg"]
[Date "2011.06.24"]
[Round "4"]
[White "Kropp, Volker"]
[Black "Wendel, Stephan"]
[Result "1/2-1/2"]
[WhiteElo "2042"]
[BlackElo "2257"]
[PlyCount "20"]
[EventDate "2011.06.22"]
[EventType "swiss"]
[EventRounds "7"]
[EventCountry "GER"]
[SourceTitle "EXT 2012"]
[Source "ChessBase"]
[SourceDate "2011.11.24"]
[SourceVersion "1"]
[SourceVersionDate "2011.11.24"]
[SourceQuality "1"]

1. d4 d5 2. Nf3 Nf6 3. c4 c6 4. cxd5 cxd5 5. Nc3 Nc6 6. Bf4 e6 7. e3 Bd6 8. Bxd6 Qxd6 9. Be2 0-0 10. 0-0 Bd7 1/2-1/2

[Event "Rhein Main op-A 14th"]
[Site "Bad Homburg"]
[Date "2011.06.23"]
[Round "2"]
[White "Langensteiner, Matthias"]
[Black "Wendel, Stephan"]
[Result "1/2-1/2"]
[WhiteElo "2052"]
[BlackElo "2257"]
[PlyCount "28"]
[EventDate "2011.06.22"]
[EventType "swiss"]
[EventRounds "7"]
[EventCountry "GER"]
[SourceTitle "EXT 2012"]
[Source "ChessBase"]
[SourceDate "2011.11.24"]
[SourceVersion "1"]
[SourceVersionDate "2011.11.24"]
[SourceQuality "1"]

1. d4 Nf6 2. c4 c5 3. d5 e6 4. Nc3 exd5 5. cxd5 d6 6. e4 g6 7. Nf3 Bg7 8. Be2 0-0 9. 0-0 a6 10. a4 Bg4 11. Bg5 Nbd7 12. Nd2 Bxe2 13. Qxe2 Re8 14. f4 Qc7 1/2-1/2

[Event "Oberliga Ost-B 1011"]
[Site "Germany"]
[Date "2011.02.27"]
[Round "8.1"]
[White "Mueller, Michael"]
[Black "Wendel, Stephan"]
[Result "1/2-1/2"]
[WhiteElo "2258"]
[BlackElo "2269"]
[PlyCount "156"]
[EventDate "2010.10.24"]
[EventType "team-tourn"]
[EventRounds "11"]
[EventCountry "GER"]
[SourceTitle "EXT 2012"]
[Source "ChessBase"]
[SourceDate "2011.11.24"]
[SourceVersion "1"]
[SourceVersionDate "2011.11.24"]
[SourceQuality "1"]
[WhiteTeam "Weimar"]
[BlackTeam "Frankfurt BvK"]
[WhiteTeamCountry "GER"]
[BlackTeamCountry "GER"]

1. d4 Nf6 2. Nf3 d5 3. Bf4 c5 4. c3 Qb6 5. Qb3 Nc6 6. dxc5 Qxc5 7. e3 g6 8. Be2 Bg7 9. Nbd2 0-0 10. h3 Nd7 11. 0-0 e5 12. Bg3 Nb6 13. a4 Be6 14. Qb5 Qd6 15. Rfd1 Qc7 16. a5 Nd7 17. Ng5 a6 18. Qa4 Bf5 19. Nb3 h6 20. Nf3 Nf6 21. Nc5 Rfe8 22. b4 Ne4 23. Nxe4 Bxe4 24. Nd4 Ne7 25. Rac1 Qc8 26. Nf3 Bxf3 27. Bxf3 e4 28. Be2 Rd8 29. c4 d4 30. exd4 Bxd4 31. Qc2 Nf5 32. Bg4 h5 33. Bxf5 Qxf5 34. Re1 Re8 35. Rcd1 Rad8 36. Re2 Rd7 37. Rde1 Rde7 38. c5 Re6 39. Qc4 Qf6 40. Rd1 Be5 41. Bxe5 Qxe5 42. Qd5 Qxd5 43. Rxd5 R8e7 44. Red2 f5 45. Rd7 Kf7 46. Kf1 h4 47. Ke2 f4 48. R2d6 Rxd7 49. Rxd7+ Re7 50. Rd6 g5 51. Rb6 Rc7 52. Rh6 Rd7 53. Rb6 Rc7 54. Rd6 Re7 55. c6 bxc6 56. Rxc6 Rb7 57. Rb6 Ra7 58. Rh6 Ra8 59. Rb6 Ra7 60. b5 axb5 61. a6 Ke8 62. Rh6 Kd8 63. Kd2 Rd7+ 64. Kc3 Kc7 65. Kb4 Re7 66. Kxb5 Re5+ 67. Kc4 e3 68. fxe3 Rxe3 69. Rg6 Rg3 70. Kb5 Rxg2 71. Rg7+ Kb8 72. Kb6 Rb2+ 73. Kc6 Rc2+ 74. Kd5 Rc3 75. Rxg5 Rxh3 76. Ke4 f3 77. Ke3 Rg3 78. Rh5 h3 1/2-1/2

[Event "Oberliga Ost-B 1011"]
[Site "Germany"]
[Date "2011.02.06"]
[Round "7.1"]
[White "Wendel, Stephan"]
[Black "Dubiel, Jacek"]
[Result "1/2-1/2"]
[WhiteElo "2269"]
[BlackElo "2413"]
[PlyCount "47"]
[EventDate "2010.10.24"]
[EventType "team-tourn"]
[EventRounds "11"]
[EventCountry "GER"]
[SourceTitle "EXT 2012"]
[Source "ChessBase"]
[SourceDate "2011.11.24"]
[SourceVersion "1"]
[SourceVersionDate "2011.11.24"]
[SourceQuality "1"]
[WhiteTeam "Frankfurt BvK"]
[BlackTeam "Hungen Lich"]
[WhiteTeamCountry "GER"]
[BlackTeamCountry "GER"]

1. e4 c5 2. Nf3 e6 3. d4 cxd4 4. Nxd4 Nf6 5. Nc3 Nc6 6. Nxc6 bxc6 7. e5 Nd5 8. Ne4 Qc7 9. f4 Qb6 10. c4 Bb4+ 11. Ke2 f5 12. exf6 Nxf6 13. Be3 Qb8 14. Nxf6+ gxf6 15. Kf2 0-0 16. Bd3 Rf7 17. c5 d5 18. cxd6 Bxd6 19. Qd2 Kh8 20. Rhf1 e5 21. Kg1 Be6 22. Be4 exf4 23. Bxf4 Bxf4 24. Rxf4 1/2-1/2

[Event "Oberliga Ost-B 0910"]
[Site "Germany"]
[Date "2010.04.11"]
[Round "11.2"]
[White "Wendel, Stephan"]
[Black "Zajogin, Alexander"]
[Result "1/2-1/2"]
[WhiteElo "2250"]
[BlackElo "2400"]
[PlyCount "38"]
[EventDate "2009.10.18"]
[EventType "team-tourn"]
[EventRounds "11"]
[EventCountry "GER"]
[SourceTitle "EXT 2011"]
[Source "ChessBase"]
[SourceDate "2010.11.26"]
[SourceVersion "1"]
[SourceVersionDate "2010.11.26"]
[SourceQuality "1"]
[WhiteTeam "Frankfurt BvK"]
[BlackTeam "Oberursel"]
[WhiteTeamCountry "GER"]
[BlackTeamCountry "GER"]

1. e4 e5 2. Nf3 Nc6 3. Bb5 a6 4. Ba4 Nf6 5. 0-0 Be7 6. Re1 b5 7. Bb3 0-0 8. d4 d6 9. c3 Bg4 10. Be3 Bh5 11. h3 exd4 12. cxd4 d5 13. e5 Ne4 14. Nc3 Nxc3 15. bxc3 Qd7 16. g4 Bg6 17. Nd2 Bh4 18. Nf3 Be7 19. Nd2 Bh4 1/2-1/2